[Event "GER-chT Seniors 14th"]
[Site "Sottrum"]
[Date "2005.09.22"]
[Round "5"]
[White "Wimmer, Herbert"]
[Black "Schmidt, Lothar"]
[Result "1-0"]
[WhiteElo "2242"]
[BlackElo "2079"]
[PlyCount "115"]
[EventDate "2005.09.18"]
[EventType "team-swiss"]
[EventRounds "7"]
[EventCountry "GER"]
[SourceTitle "CBM 108 Extra"]
[Source "ChessBase"]
[SourceDate "2005.11.04"]
[SourceVersion "1"]
[SourceVersionDate "2005.11.04"]
[SourceQuality "1"]

1. e4 g6 2. d4 Bg7 3. c3 d6 4. f4 e6 5. Nf3 Ne7 6. Bd3 c6 7. Na3 Nd7 8. Nc4 Nb6 9. Ne3 f5 10. b3 fxe4 11. Bxe4 Nbd5 12. Nxd5 exd5 13. Bd3 0-0 14. Qc2 Nf5 15. Bd2 c5 16. dxc5 dxc5 17. 0-0-0 a5 18. a4 Nd6 19. c4 Qf6 20. Ne5 d4 21. Rde1 Nf7 22. h4 Nxe5 23. fxe5 Qb6 24. h5 Bf5 25. hxg6 Qxg6 26. Bxf5 Rxf5 27. e6 b6 28. Qe4 Re8 29. Kc2 Rf6 30. e7 h6 31. g3 Qxe4+ 32. Rxe4 Kf7 33. Rhe1 Rf3 34. Rf4+ Rxf4 35. Bxf4 Rxe7 36. Rxe7+ Kxe7 37. Bc7 h5 38. Bxb6 Be5 39. Bxc5+ Kd7 40. Kd3 Bxg3 41. Bxd4 Kc6 42. Ke4 Be1 43. Kf5 h4 44. Kg4 Kd6 45. Bf6 Kc5 46. Bxh4 Bd2 47. Be7+ Kc6 48. Kf5 Bc3 49. Ke4 Bd2 50. Kd3 Be1 51. Bf6 Kb6 52. Bd4+ Ka6 53. c5 Bg3 54. Kc4 Bf4 55. Bc3 Bg3 56. Kd5 Bh2 57. Ke6 Bg1 58. Kd6 1-0